Catálogo

Misiones del Paraguay : (Registro nro. 44622)

Detalles MARC
000 -LEADER
fixed length control field 01211cam a2200313 i 4500
001 - CONTROL NUMBER
control field 44622
003 - CONTROL NUMBER IDENTIFIER
control field Mx-PuUPA
005 - DATE AND TIME OF LATEST TRANSACTION
control field 20191008155858.0
008 - FIXED-LENGTH DATA ELEMENTS--GENERAL INFORMATION
fixed length control field 140415s1992 sp bd r 000 0 spa d
020 ## - INTERNATIONAL STANDARD BOOK NUMBER
International Standard Book Number 8471005344
040 ## - CATALOGING SOURCE
Original cataloging agency Mx-PuUPA
Language of cataloging spa
Transcribing agency Mx-PuUPA
Modifying agency Mx-PuUPA
Description conventions rda
041 0# - LANGUAGE CODE
Language code of text/sound track or separate title spa
100 1# - MAIN ENTRY--PERSONAL NAME
9 (RLIN) 8995
Personal name Maeder, Ernesto J. A.,
Relator term autor
245 10 - TITLE STATEMENT
Title Misiones del Paraguay :
Remainder of title conflictos y disolución de la sociedad guaraní 1768-1850 /
Statement of responsibility, etc. Ernesto J. A. Maeder ; director coordinador, José Andrés-Gallego
264 #4 - PRODUCTION, PUBLICATION, DISTRIBUTION, MANUFACTURE, AND COPYRIGHT NOTICE
Place of production, publication, distribution, manufacture Madrid :
Name of producer, publisher, distributor, manufacturer Editorial MAPFRE,
Date of production, publication, distribution, manufacture, or copyright notice ©1992
300 ## - PHYSICAL DESCRIPTION
Extent 298 páginas :
Other physical details mapas, gráficas ;
Dimensions 23 cm.
336 ## - CONTENT TYPE
Fuente rdacontent
Content type term texto
Content type code txt
337 ## - MEDIA TYPE
Source rdamedia
Media type term sin medio
Media type code n
338 ## - CARRIER TYPE
Source rdacarrier
Carrier type term volumen
Carrier type code nc
490 0# - SERIES STATEMENT
Series statement Colecciones MAPFRE 1492 ;
Volume/sequential designation VII.
490 0# - SERIES STATEMENT
Series statement Colección Realidades Americanas ;
Volume/sequential designation 11
650 #4 - SUBJECT ADDED ENTRY--TOPICAL TERM
Topical term or geographic name entry element Jesuitas
General subdivision Misiones
Geographic subdivision Paraguay
General subdivision Historia
Chronological subdivision Siglo XVIII
650 #4 - SUBJECT ADDED ENTRY--TOPICAL TERM
Topical term or geographic name entry element Jesuitas
General subdivision Misiones
Geographic subdivision Paraguay
General subdivision Historia
Chronological subdivision Siglo XIX
650 #4 - SUBJECT ADDED ENTRY--TOPICAL TERM
Topical term or geographic name entry element Indios
Geographic subdivision América del Sur
-- Paraguay
General subdivision Historia
Chronological subdivision Siglo 18
700 1# - ADDED ENTRY--PERSONAL NAME
Personal name Andrés-Gallego, José,
Relator term director coordinador
942 ## - ADDED ENTRY ELEMENTS (KOHA)
Source of classification or shelving scheme Dewey Decimal Classification
Koha item type Libro
Classification part 910.9
Item part R281
Existencias
Withdrawn status Lost status Source of classification or shelving scheme Damaged status Not for loan Collection code Home library Current library Shelving location Date acquired Source of acquisition Serial Enumeration / chronology Total Checkouts Full call number Barcode Date last seen Copy number Price effective from Koha item type
    Dewey Decimal Classification     General Biblioteca Karol Wojtyla Biblioteca Karol Wojtyla Sala general 03/12/2013 Compra v.11   910.9 R281 1992 67089 05/01/2026 Ej.1 26/05/2016 Libro
Descarte   Dewey Decimal Classification     General Biblioteca Karol Wojtyla Biblioteca Karol Wojtyla Sala general 03/12/2013 Compra v.11   910.9 R281 1992 67088     18/08/2015 Libro
    Dewey Decimal Classification     Referencia Tehuacán Tehuacán Referencia 20/09/2019   v.11   910.9 R281 1992 968000000419 08/01/2025   20/09/2019 Libro R